List the Engine - Statistics

General Stats
  • This quiz has been taken 6 times
  • The average score is 6 of 15
Answer Stats
Hint Answer Answer Answer Answer % Correct
2013 Jeep Grand Cherokee 3.6L 392ci/6.4L 345ci/5.7L
83%
2005 Toyota Corolla 1.8L 1.8L
50%
2010 Ford F-150 281ci/4.6L 6.2L 330ci/5.4L
50%
2004 Lincoln Town Car 281ci/4.6L
50%
1994 Chevrolet C + K 1500 350ci/5.7L 305ci/5.0L 262ci/4.3L 400ci/6.5L
50%
2004 GMC Sierra 2500HD 364ci/6.0L 403ci/6.6L 495ci/8.1L
50%
2013 Ford Escape 97ci/1.6L 2.5L 121ci/2.0L
50%
2012 Chevrolet Cruze 1.4L 1.8L
33%
2014 Honda Accord 2.4L 3.5L
33%
2017 Toyota Venza 3.5L 2.7L
33%
2020 Toyota Tundra 5.7L
33%
2021 Chevrolet Equinox 1.5L
17%
2017 Honda CR-V 1.5L 2.4L
17%
1990 Ford F-150 300ci/4.9L
17%
1997 Dodge Ram 1500 318ci/5.2L
17%
No matching quizzes found
Score Distribution
Percent of People with Each Score
Percentile by Number Answered
Your Score History
You have not taken this quiz